Loading...
| Literature - World | 2 | 4 | 0 | 2 | 70 | 27 | 96.17 | 2 | 5 | 19.70 | 44.32 |
| Science - Chemistry | 2 | 3 | 0 | 1 | 60 | 26 | 65.00 | 1 | 5 | 18.66 | 39.77 |
| Literature - European | 0 | 3 | 0 | 0 | 30 | 84 | 104.33 | 0 | 2 | 7.47 | 17.05 |
| Fine Arts - Other | 1 | 1 | 0 | 0 | 25 | 62 | 73.00 | 0 | 1 | 7.06 | 12.50 |
| Fine Arts - Painting and Sculpture | 1 | 1 | 0 | 0 | 25 | 35 | 66.00 | 1 | 1 | 9.14 | 13.64 |
| Literature - British | 0 | 2 | 0 | 0 | 20 | 88 | 95.50 | 0 | 1 | 6.54 | 13.64 |
| Social Science | 1 | 0 | 0 | 0 | 15 | 40 | 40.00 | 1 | 1 | 6.23 | 9.09 |
| Science - Biology | 0 | 1 | 0 | 0 | 10 | 84 | 84.00 | 0 | 0 | 2.02 | 4.55 |
| Science - Physics | 0 | 1 | 0 | 0 | 10 | 103 | 103.00 | 0 | 1 | 1.29 | 7.95 |
| Literature - American | 0 | 1 | 1 | 0 | 5 | 91 | 91.00 | 0 | 0 | 3.35 | 3.41 |
| History - European | 0 | 1 | 1 | 0 | 5 | 105 | 105.00 | 0 | 0 | 1.00 | 3.41 |